Radiotracer methodology in the biological, environmental, and physical sciences / (Record no. 12129)

000 -LEADER
fixed length control field 00720pam a2200217 i 4500
020 ## - INTERNATIONAL STANDARD BOOK NUMBER
ISBN 0137522126
040 ## - CATALOGING SOURCE
Transcribing agency DLC
082 00 - DEWEY DECIMAL CLASSIFICATION NUMBER
Classification number 500 PRE 1975 A032 Or.
100 1# - MAIN ENTRY--AUTHOR NAME
Personal name Wang, Chih Hsing,
245 10 - TITLE STATEMENT
Title Radiotracer methodology in the biological, environmental, and physical sciences /
260 ## - PUBLICATION, DISTRIBUTION, ETC. (IMPRINT)
Place of publication Englewood Cliffs, N.J. :
Name of publisher Prentice-Hall,
Year of publication [1975]
300 ## - PHYSICAL DESCRIPTION
Number of Pages xv, 480 p. :
Other physical details ill. ;
Dimensions 24 cm.
490 0# - SERIES STATEMENT
Series statement Prentice-Hall biological science series.
500 ## - GENERAL NOTE
General note Published in 1965 under title: Radiotracer methodology in biological science.
650 #0 - SUBJECT ADDED ENTRY--TOPICAL TERM
Topical Term Radioactivity
650 #0 - SUBJECT ADDED ENTRY--TOPICAL TERM
Topical Term Radioactive tracers.
650 #0 - SUBJECT ADDED ENTRY--TOPICAL TERM
Topical Term Radiobiology
700 1# - ADDED ENTRY--PERSONAL NAME
Personal name Willis, David L.,
700 1# - ADDED ENTRY--PERSONAL NAME
Personal name Loveland, Walter D.,
942 ## - ADDED ENTRY ELEMENTS (KOHA)
Koha item type សៀវភៅភាសាអង់គ្លេស
952 ## - LOCATION AND ITEM INFORMATION (KOHA)
Withdrawn status [LOCAL, KOHA] 0
Holdings
Permanent Location Date acquired Koha item type Lost status Shelving location Barcode Current Location Full call number
Library Block A2017-08-10សៀវភៅភាសាអង់គ្លេស A032A07958Library Block A500 PRE 1975 A032 Or.
មជ្ឈមណ្ឌលឯការនៃសាកលវិទ្យាល័យភូមិន្ទកសិកម្មចំការដូង

Powered by Koha